Sermon en el segundo dia de el Novenario, que en agimiento de gracias por la seguridad de enemigos, con que navegó la flota hasta el puerto de la Havana, y implorando llegue con ella à España. Hizo al la Santisima Virgen en su milagrosa imagen de los remedios, trayendola, con estos motivos, desde su santuario extramuros de Mexico à la Santa Iglesia Metropolitana de êl, la piedad catholica de el Reverendissimo, Illustrissimo y Excellentissimo Señor Doctor Don Juan de Ortega Montañez Arçobispo , Virrey, Governador, Capitan General de esta Nueva España y presidente de la Real Audiencia &c. Dixolo por mandato expresso de su excellencia, Fr. Bartholome Navarro de San Antonio... y actual Vicario de la Cassa de S. Jacintho de Coyoacan, de el Orden de Predicadores. Imprimelo a sus generosas expensas la cariñosa amistad, y diligencia solicita, en favorecer al Predicador, de el Señor D. Miguel Gonzales, Valdeossera... Rector, que ha sido, de dicha Real Vniversidad, y Consultor de la Venerable Vn

Detalles Bibliográficos
Autor principal: Navarro de San Antonio, Bartolomé
Formato: Libro
Lenguaje:Undetermined
Spanish
Publicado: en Mexico : por los herederos de la viuda de Francisco Rodriguez Lupercio, 1702.
Materias:
Colección:Banco de datos
Acervo:Biblioteca Palafoxiana. Colección bibliográfica
Descripción Física:[9], 8 h. ; 4°
Tema general:Homilética
Notas:Número de localización: 15548-P
LEADER 01749nam a2200181Ia 4500
008 150723s9999 xx 000 0 und d
041 0 |a spa 
050 0 |a PAFX BV4207 N3 
100 1 |a Navarro de San Antonio, Bartolomé 
245 1 0 |a Sermon en el segundo dia de el Novenario, que en agimiento de gracias por la seguridad de enemigos, con que navegó la flota hasta el puerto de la Havana, y implorando llegue con ella à España. Hizo al la Santisima Virgen en su milagrosa imagen de los remedios, trayendola, con estos motivos, desde su santuario extramuros de Mexico à la Santa Iglesia Metropolitana de êl, la piedad catholica de el Reverendissimo, Illustrissimo y Excellentissimo Señor Doctor Don Juan de Ortega Montañez Arçobispo , Virrey, Governador, Capitan General de esta Nueva España y presidente de la Real Audiencia &c. Dixolo por mandato expresso de su excellencia, Fr. Bartholome Navarro de San Antonio... y actual Vicario de la Cassa de S. Jacintho de Coyoacan, de el Orden de Predicadores. Imprimelo a sus generosas expensas la cariñosa amistad, y diligencia solicita, en favorecer al Predicador, de el Señor D. Miguel Gonzales, Valdeossera... Rector, que ha sido, de dicha Real Vniversidad, y Consultor de la Venerable Vn   |# MARC_REP@  |  ion de San Phelipe Neri. Dedicalo al Sr. D. Phelippe de Arco, y Aguero Secretario de el Rey Nuestro Señor, y Thessorero de su Consejo, y Cama de Castilla 
260 |a en Mexico : por los herederos de la viuda de Francisco Rodriguez Lupercio, 1702. 
300 |a [9], 8 h. ; 4° 
500 |a Número de localización: 15548-P 
501 |a Encuadernado con 16 obras 
650 1 0 |a Homilética 
942 |c PALALIB 
943 |g Biblioteca Palafoxiana. Colección bibliográfica 
999 |c 1054061  |d 1054061